000 00334nam a22001457a 4500
008 231127b ||||| |||| 00| 0 eng d
020 _a026211142X
041 _aeng
080 _a573
082 _a573KUP
100 _a16
101 _aBIOLO
245 _aINFROMATION AND THE ORIGIN OF LIFE
_cBERND OLAF KUPPERS
942 _2udc
_cBK
999 _c60540
_d60540